000 00544nam a2200205Ia 4500
008 100315s9999 xx 000 0 und d
020 _a0-7135-17581 
082 _b936 
_a658.1 
100 _a"Caplen, Rowland "
245 _aQUALITY AND THE SUPERVISOR
260 _aLondon 
_bG.Bell & Sons  
_c1977 
300 _a102P 
365 _eRupees 
_d
_b20.00 
366 _f
505 _gTushar Jadhav 
530 _b-  
630 _aQUALITY AND THE SUPERVISOR
730 _aQUALITY AND THE SUPERVISOR
942 _cBOOK
999 _c475671
_d475668